Statistics for Only The Brave - Louis Tomlinson (full lyrics)

Click here to take the quiz!

General Stats

  • This quiz has been taken 339 times
  • The average score is 119 of 137

Answer Stats

HintAnswer% Correct
"I
99%
I
99%
on
99%
on,
99%
a
97%
brave.
97%
for
97%
only
97%
the
97%
to
97%
And
96%
and
96%
it's
96%
Pre-ChorusIt's
96%
me,
96%
me
96%
I'm
95%
so,
95%
mercy,
94%
mercy
94%
my
93%
solo
93%
song
93%
song,
93%
Like
92%
like
92%
history
91%
Verse 1 | Verse 2Pour
91%
you
91%
fire
90%
fool.
90%
church
89%
crying
89%
own
89%
romances
89%
Set
89%
breaking
88%
far
88%
of
88%
too
88%
rules,
87%
pray,
86%
love.
85%
burnt
84%
gone
84%
told
83%
but
82%
enough
82%
in
81%
know,
81%
know."
81%
never
81%
no
81%
When
81%
stories
80%
Come
79%
goodbye.
79%
(Goodbye)
79%
ChorusIf
79%
say,
79%
knees,
78%
page,
78%
sky
78%
tell,
78%
close
77%
darling,
77%
fall
77%
touch,
77%
your
77%
been
76%
cared
76%
hello,
76%
I'll
75%
stars
75%
Tall
75%
tall
75%
truth
75%
upon
75%
glories
74%
All
73%
Short
73%
there
73%
dying
71%
grave,
71%
ain't
70%
from
70%
tale,
70%
shadow
69%
lonely
66%
fade,
65%
dances
62%
they'll
62%
cradle
61%
fell
60%

Score Distribution

Percentile by Number Answered

Percent of People with Each Score

Your Score History

You have not taken this quiz